书目信息 |
| 题名: |
中国游记散文大系
|
|
| 作者: | 张成德 主编 ;石绍勋 撰稿 | |
| 分册: | 山东卷 | |
| 出版信息: | 太原 书海出版社 2002.10 |
|
| 页数: | 468页 | |
| 开本: | 20cm | |
| 丛书名: | ||
| 单 册: | ||
| 中图分类: | I262 | |
| 科图分类: | ||
| 主题词: | 游记 , 游记--中国--古代--选集 | |
| 电子资源: | ||
| ISBN: | 7-80550-312-5 | |
| 000 | 00858nam0 2200265 450 | |
| 001 | 1260423949 | |
| 005 | 20120109164749.90 | |
| 010 | @a7-80550-312-5@dCNY23.00 | |
| 090 | @aI262@bzcd | |
| 096 | @aI262@bzcd | |
| 100 | @a20021018d2002 em y0chiy0110 ea | |
| 101 | 0 | @achi |
| 102 | @aCN@b140000 | |
| 105 | @ay z 000cy | |
| 200 | 1 | @a中国游记散文大系@i山东卷@b专著@f张成德等主编@g[石绍勋撰稿]@9zhong guo you ji san wen da xi |
| 210 | @a太原@c书海出版社@d2002.10 | |
| 215 | @a468页@d20cm | |
| 330 | @a本卷包括“泰山录”、“处士松跋”、“日观解”、“游樱桃园记”、“游大佛山记”、“海游记”等游记。 | |
| 606 | 0 | @a游记 |
| 606 | 0 | @a游记@y中国@z古代@j选集 |
| 690 | @aI262@v4 | |
| 701 | 0 | @a张成德@4主编@9zhang cheng de |
| 702 | 0 | @a石绍勋@4撰稿@9shi shao xun |
| 801 | 0 | @aCN@b大连网信软件有限公司图书馆·11@c20120109 |
| 905 | @aZUCC@dI262@eZ0812 | |
| 中国游记散文大系.山东卷/张成德等主编/[石绍勋撰稿].-太原:书海出版社,2002.10 |
| 468页;20cm |
| ISBN 7-80550-312-5:CNY23.00 |
| 本卷包括“泰山录”、“处士松跋”、“日观解”、“游樱桃园记”、“游大佛山记”、“海游记”等游记。 |
| ● |
| 相关链接 |
|
|
|
正题名:中国游记散文大系
索取号:I262/Z0812
 
预约/预借
| 序号 | 登录号 | 条形码 | 馆藏地/架位号 | 状态 | 备注 |
| 1 | 481876 | 204818769 | 文学库116/116文学库 1排2列3层/ [索取号:I262/Z0812] | 在馆 | |
| 2 | 481877 | 204818778 | 文学库116/116文学库 1排2列3层/ [索取号:I262/Z0812] | 在馆 | |
| 3 | 481878 | 204818787 | 社科二线422/422社科库 51排4列1层/ [索取号:I262/Z0812] | 在馆 |